000 00712nam a2200265Ia 4500
003 OSt
005 20221006145131.0
006 a|||||r|||| 00| 0
007 ta
008 221006b |||||||| |||| 00| 0 eng d
020 _c
_6.00
024 _a13,881
037 _cTextual
040 _aEASL
_cEASL
_beng
041 _2eng
_aeng
082 _aV41:1973.N12, K8
100 _aVARG Paul A
_9653008
245 0 _aMaking of a myth
_b United States and Chian 1897-1912
260 _aEast
_bLansing Michigan State University Press
_c1968
300 _a184p.
_ccm.
490 _v CEL
650 _aCEL
942 _hV41:1973.N12, K8
_cTEXL
_2CC
999 _c1081967
_d1081967